000 00682nam a2200217 i 4500
001 118230
003 ES-MaACL
005 20250801145852.0
007 t|
008 070214s1966 sp |||| | spa d
100 1 _aPardo Bazán, Emilia,
_cCondesa de,
_d1851-1921
_9176434
245 1 3 _aLa cuestión palpitante /
_cEmilia Pardo Bazán ; edición, prólogo y notas de Carmen Bravo-Villasante.
250 _a1ª ed.
260 _aMadrid :
_bAnaya,
_c1966.
300 _a183 p. ;
_c17 cm.
650 0 7 _aNaturalismo (Literatura)
_2embne
_915490
700 1 _aBravo-Villasante, Carmen,
_d1918-1994
_931507
852 _aES-MaACL
_jC-31404
942 _2udc
999 _c118230
_d118230